[Event "Tal Memorial"]
[Site "Moscow"]
[Date "2007.11.11"]
[Round "2"]
[White "GM Shirov, Alexei(ESP)"]
[Black "GM Mamedyarov, Shakhriyar(AZE)"]
[Result "1/2-1/2"]
[WhiteElo "2739"]
[BlackElo "2752"]
[Annotator "Ëåáåäåâ Âàñèëèé"]
[PlyCount "89"]
[EventDate "2007.11.11"]

1. e4 e5 2. Nf3 Nc6 3. Bb5 a6 4. Ba4 d6 5. O-O Bd7 6. d4 exd4 7. Nxd4 b5 8.
Nxc6 Bxc6 9. Bb3 Nf6 10. c4 $146 (10. Nc3 Be7 11. Re1 O-O 12. a4 Re8 ({
à î ñëåäóþùåé ïàðòèè ìîæíî ïðî÷èòàòü âîò çäåñü - https://www.crestbook.com/
?q=node/254} 12... b4 13. Nd5 Bxd5 14. exd5 Nd7 15. a5 Nc5 16. Ba4 Rb8 17. Bc6
Bf6 18. Qe2 Bd4 19. Rb1 Qf6 20. Rd1 h6 21. Qd2 Rfe8 22. Bxe8 Rxe8 23. Qf4 b3
24. c3 Qe7 25. Bd2 Be5 26. Qg4 Ne4 27. Be3 g6 28. g3 Bg7 29. Re1 h5 30. Qe2 h4
31. Qxa6 f5 32. Qb5 Be5 33. a6 hxg3 34. fxg3 Kf7 35. a7 Rh8 36. Qb8 Rxh2 37.
a8=Q {1-0 Leko,P (2740) - Mamedyarov,S (2709)/Wijk aan Zee 2006}) 13. Qd3 (13.
Qf3 b4 14. Nd5 Nxd5 15. exd5 Bd7 16. Bd2 Bf6 17. Bxb4 Bxb2 18. Rxe8+ Bxe8 19.
Re1 a5 20. Bd2 Be5 $13 {1-0 Shirov,A (2715) - Short,N (2663)/Dubai 2002 (56)})
13... Rb8 14. Bg5 Nd7 15. axb5 axb5 16. Bxe7 Rxe7 17. Nd5 Re5 18. Nb4 Bxe4 19.
Rxe4 Nc5 20. Nc6 Nxd3 21. Nxd8 Rxe4 {
(1/2 Vachier Lagrave,M (2542) - Mamedyarov,S (2709)/Moscow 2006).}) {Òåïåðü ñ
îáåèõ ñòîðîí ñëåäóåò ñåðèÿ âïîëíå ëîãè÷íûõ õîäîâ, òðåáóþùàÿ, íà ìîé âçãëÿä,
ìèíèìàëüíûõ êîììåíòàðèåâ. À çàòåì...} 10... Be7 11. Nc3 O-O 12. Re1 Re8 13. Qf3
b4 14. Nd5 a5 (14... Nxd5 15. exd5 Bf6 $1 16. Bd2 Rxe1+ 17. Rxe1 Bd7 18. Bxb4
Bxb2 19. Ba5 {- ãäå-òî, ÷òî-òî, êîå-ãäå, ïîðîé è îêîëî ðàâåíñòâà. Òàê ÿ áû
îöåíèë äàííóþ ïîçèöèþ. È, êñòàòè, Àëåêñåé çíàåò, êàê åé ïîäîáíûå íàäî
ðàçûãðûâàòü (ñì. âûøåïðèâåä¸ííóþ ïàðòèþ Øèðîâ - Øîðò).}) 15. a4 Nd7 16. Be3
Bf6 17. Nxf6+ Nxf6 {È áåëûå íà÷èíàþò Áîëüøóþ Èãðó.} 18. Bd4 Nxe4 $5 {
Øàõðèÿð ïðèíèìàåò âûçîâ...} 19. Bc2 Qh4 $6 {
.... íî, ïîõîæå, ñðàçó æå ïåðåãèáàåò ïàëêó.} ({
Îáÿçàòåëüíî  íàäî áûëî âêëþ÷èòü õîä} 19... d5 $1 20. Rad1 {, ïîñëå ÷åãî ó
÷¸ðíûõ åñòü äàæå âûáîð! ×òî íå÷àñòî ñëó÷àåòñÿ â ïîäîáíûõ îñòðûõ ïîëîæåíèÿõ.
} Qh4 $5 ({
ýòî ÿ ðàññìàòðèâàþ, êàê ñêîðî ñòàíåò ÿñíî, âàðèàíò èì. Òàëÿ; ïîñïîêîéíåå} 
20... dxc4 $5 {, ÷òî òîæå âïîëíå íàä¸æíî} 21. Bxe4 Bxe4 22. Rxe4 Rxe4 23. Qxe4
c5 24. Rc1 cxd4 25. Rxc4 Rc8 26. Qxd4 g6 {è ò.ä.}) 21. cxd5 Ng5 22. Qd3 $140
Bxd5 23. Bf6 $1 Rxe1+ ({ñêó÷íî, íåèíòåðåñíî è ñëàáî} 23... gxf6 24. Qxd5) 24.
Rxe1 Bc4 25. Bd8 $3 Nf3+ $1 26. Qxf3 ({íàõðàïèñòîå} 26. gxf3 $2 Rxd8 27. Qd7 {
ëåãêî ïàðèðóåòñÿ -} g6 $1 28. Re8+ Rxe8 29. Qxe8+ Kg7 30. Qe5+ Qf6 {
, è íåëüçÿ îòûãðàòü ïåøêó ïóò¸ì} 31. Qxc7 {ââèäó} Qg5+ {ñ ìàòîì ïîñëå} 32. Qg3
Qc1+ 33. Kg2 Qf1#) 26... Rxd8 27. g3 $1 Qf6 ({èëè} 27... Qh6 28. Qf5 {
è ïåøêà íà à5 îáðå÷åíà.}) 28. Qe4 Be6 29. Qxh7+ Kf8 30. Qh8+ Ke7 31. Qh5 g5
32. Bb3 Rd2 33. Re2 Rxe2 34. Qxe2 {- ó áåëûõ ïîõóæå, íî îíè äîëæíû óñòîÿòü.})
20. g3 $1 {Êàê ãîâîðèòñÿ, âîò èìåííî!} Qe7 21. Qf4 $5 {Ïî-ìîåìó, óæå ñåé÷àñ
Àëåêñåé çàäóìàë òî, ÷òî è ñëó÷èëîñü â ïàðòèè. Âðåìåíè âîò òîëüêî áûëî
ïîòðà÷åíî î÷åíü ìíîãî...} ({
Ñìîòðèì, âûèãðûâàþùåå ôèãóðó (íî, êîíå÷íî, íå çà ïðîñòî òàê)} 21. Qg2 $5 f5
22. f3 Qf7 23. fxe4 Qxc4 {, è ïîñëå} 24. Rad1 {ïîïûòàåìñÿ íàéòè êîìïåíñàöèþ -}
Qe6 $5 ({ñëàáî} 24... fxe4 {ââèäó} 25. Re3 $1 Bd5 ({èëè} 25... d5 26. Bb3 Qa6
27. Rxe4 $18) 26. b3 Qc6 27. Rde1 Re7 28. Bxe4 $18 {
, òóò âñ¸, â ïðèíöèïå, ïîíÿòíî.}) ({À åñëè} 24... b3 {, òî} 25. Bb1 Re7 $5 (
25... Qxa4 26. Qf3 $1) 26. Re3 Rae8 27. Qf1 $1 Qxf1+ (27... Qxa4 28. Qxf5 $16)
28. Rxf1 Bxe4 29. Rxb3 Bd5 30. Rc3 c5 31. Bf2 {è ò.ä.}) 25. Rc1 $1 fxe4 26. Re3
d5 27. Bb3 Kh8 28. Qc2 Bd7 29. Rf1 c6 30. Rf4 Qg6 31. Qc5 {
è ò.ä. Êîìïåíñàöèè îñîáîé, ïî-ìîåìó, òóò íå óñìàòðèâàåòñÿ.}) 21... g5 $1 {
Èíîãî íå äàíî.} (21... f5 22. f3 {è ò.ä.}) 22. Qe3 ({
Íè÷åãî íå äà¸ò «àêòèâíîå»} 22. Qf5 Qe6 23. Bxe4 ({ñëàáî} 23. Rxe4 Bxe4 24.
Bxe4 Qxe4 25. Qf6 Kf8 {è ò.ä.}) 23... Bxe4 24. Qxg5+ Qg6 25. Qf4 $11) 22... g4
23. Qf4 Qe6 24. h3 $1 ({åù¸ õóæå, ÷åì ðàíüøå áûëî áû} 24. Bxe4 $2 Bxe4 25.
Rxe4 Qxe4 26. Qf6 Kf8 $19) 24... h5 25. hxg4 $6 {
Åñòü ìíåíèå (ìî¸), ÷òî áåëûå çäåñü èçáðàëè íå ñîâñåì âåðíûé ïîðÿäîê õîäîâ..}
({È, äóìàåòñÿ, ÷òî èì ñëåäîâàëî ñðàçó íà÷àòü ñ óäàðà íà å4 -} 25. Rxe4 $1
Bxe4 26. Re1 Bxc2 27. Rxe6 Rxe6 28. hxg4 hxg4 29. Qxg4+ {
, ïîëó÷àÿ ïîçèöèþ èç ïàðòèè.}) {
Ïî÷åìó? Äà ïîòîìó, ÷òî òåïåðü ó ÷¸ðíûõ áûë âûáîð. Èëè èäòè íà} 25... hxg4 $6
{, ñâîäÿ äåëî ê òîëüêî ÷òî ðàññìîòðåííîìó âàðèàíòó, ëèáî...} ({
...ëèáî ñïóòàòü áåëûì âñå êàðòû ïóò¸ì} 25... Qxg4 $1 {, è, êàê ìíå êàæåòñÿ, â
èòîãå âñåõ îñëîæíåíèé ïîëó÷àåòñÿ ðàâíàÿ ïîçèöèÿ. À èìåííî -} 26. Qh6 f6 27.
Bxf6 Nxf6 $1 ({íî òîëüêî íå «õèòðîå»} 27... Re6 28. Bxe4 Bxe4 ({íà} 28...
Rxe4 $6 {åñòü ýôôåêòíîå} 29. Be5 $3 Rxe5 ({ïðîèãðûâàåò} 29... Rxc4 30. Qh8+ Kf7
31. Qh7+ Kf8 32. b3 Re4 {È òåïåðü...} 33. f3 $3 Rxe1+ $140 34. Rxe1 Bxf3 35.
Bf4 Be2 36. Bh6+ Ke8 37. Qd3 $1 $18) 30. Rxe5 dxe5 31. Qxc6 Rf8 32. Re1 Qf3 33.
Qxf3 Rxf3 34. Rxe5 {
- â ýòîì îñòðîì «ëàäåéíèêå» øàíñû áåëûõ âûãëÿäÿò áîëåå ïðåäïî÷òèòåëüíûìè})
29. Rxe4 $1 Rxe4 30. Qh8+ Kf7 31. Qxa8 Kxf6 32. Qd8+ Kg6 33. Qxc7 {
, è ÷¸ðíûì îïÿòü íå ñëàäêî -}) 28. Qxf6 Rf8 29. Qh6 Rxf2 $1 {
È ó áåëûõ íè÷åãî íåò, êðîìå «âûèãðûøà» êà÷åñòâà òàêèì âîò ñïîñîáîì -} 30.
Bh7+ ({Âå÷íûé øàõ? Èçâîëüòå -} 30. Qh7+ Kf8 31. Qe7+ Kg8 32. Qh7+) (30. Kxf2
$4 Qf3+ 31. Kg1 Qg2#) 30... Kf7 31. Bg6+ Qxg6 32. Qxg6+ Kxg6 33. Kxf2 Rf8+ 34.
Ke2 Rf3 35. Kd2 Rxg3 36. Re7 {
, ïîñëå ÷åãî ÷¸ðíûå ëåãêî è ïðîñòî îáúÿâëÿþò (óæå ñàìè!) âå÷íûé øàõ -} Rg2+
37. Ke3 Rg3+ 38. Kd4 Rg4+ 39. Ke3 Rg3+ 40. Kf2 Rg2+ 41. Ke3 ({ñëàáî} 41. Kf1 $6
Rh2) 41... Rg3+ {è ò.ä.}) 26. Rxe4 $1 {
Áåëûå «âûèãðûâàþò» ôåðçÿ çà äâå ëàäüè} Bxe4 27. Re1 Bxc2 (27... Qf5 $2 28.
Rxe4 $18) 28. Rxe6 Rxe6 (28... fxe6 $4 29. Qg5+ {ñ ìàòîì -} Kf7 30. Qg7#) 29.
Qxg4+ Kf8 ({Ñëàáåå áûëî áû} 29... Rg6 30. Qh4 Kf8 31. f4 $1 {
è ÷¸ðíîãî êîðîëÿ ñëåãêà «ïðèõâàòûâàëè».}) 30. Qh4 $5 ({Ìàøèíêà äåìîíñòðèðóåò
ñïîñîá, ñ ïîìîùüþ êîòîðîãî áåëûì óäà¸òñÿ âñ¸ çàùèòèòü è ê òîìó æå íå äàòü
ñêîîðäèíèðîâàòüñÿ ôèãóðàì ïðîòèâíèêà -} 30. Qg7+ Ke7 ({ñëàáî} 30... Ke8 31. Bf6
Re1+ 32. Kh2 Be4 33. Qg8+ Kd7 34. Qxf7+ Kc6 35. g4 {è ò.ä.}) 31. Qg5+ Kd7 32.
Qb5+ Kc8 33. f3 Bd1 34. Kf2 Re2+ 35. Kf1 Re6 36. Qc6 Rb8 37. g4 {
Íî âîò íàñêîëüêî ýòî âñ¸ ïðàâäà...}) 30... Ke8 $1 31. f3 ({Êîíå÷íî, íå} 31.
Qh8+ $2 Kd7 32. Qxa8 $4 Re1+ 33. Kh2 Be4 $19) 31... Kd7 32. Qh5 f5 (32... Rf8
$2 33. Qb5+ Kc8 34. Qxa5) 33. g4 {Âðåìåíè òóò ó Àëåêñåÿ îñòàëîñü ñîâñåì
íè÷åãî, à ó Øàõðèÿðà - äîáðûõ ìèíóò äåñÿòü!} Rf8 34. c5 ({Ðàññìàòðèâàòü
ñëåäóþùèå áåçóìíûå âàðèàíòû íà ôëàæêå (èëè ïðèìåíèòåëüíî ê íîâûì ÷àñàì íàäî
ãîâîðèòü, íà çóììåðå? ;)) ôèçè÷åñêè íåâîçìîæíî. Íó, à íàì íè÷åãî íå ìåøàåò
ýòî ñäåëàòü -} 34. g5 $5 c5 $5 35. g6 $1 ({ñëàáåå} 35. Bf6 {ââèäó} Kc6 36. Qh7
Bb3 37. Qxf5 (37. Qa7 Bxc4 38. Qxa5 Ree8 {è ò.ä.}) 37... Bxc4 {
è ÷¸ðíàÿ ïåøå÷íàÿ ëàâèíà ãðîçèò ïîéòè âíèç...}) 35... cxd4 36. g7 Rfe8 37.
Qf7+ R6e7 38. g8=Q {Âòîðîé ôåðçü! Õîòü êàêàÿ-òî ðàäîñòü.} Rxg8+ 39. Qxg8 d3 40.
Qd5 {Èíà÷å ïåøêó íå îñòàíîâèòü.} Re1+ 41. Kf2 Re2+ 42. Kf1 ({ïðîèãðûâàåò} 42.
Kg3 {èç-çà} d2 $19) 42... d2 $1 43. Kxe2 d1=Q+ 44. Qxd1 Bxd1+ 45. Kxd1 {
Ýòîò «ïåøå÷íèê» íè÷åéíûé. Òî åñòü -} Kc6 ({èëè} 45... d5 46. cxd5 Kd6 47.
Kd2 Kxd5 48. Kd3 Kc5 49. b3 Kd5 50. f4 $11) 46. Ke2 Kc5 47. Kd3 f4 48. b3 d5
49. cxd5 Kxd5 50. Kc2 ({íî íå} 50. Kd2 $4 Kd4 $19) 50... Kd4 51. Kd2 Ke5 52.
Kd3 Kd5 53. Ke2 $11) 34... Kc6 ({Óäàëîñü íàáðåñòè íà êðàñèâóþ (íî, áûòü ìîæåò
, ñëåãêà êîîïåðàòèâíóþ) íè÷üþ -} 34... dxc5 35. Bxc5 Rfe8 36. gxf5 Rf6 37.
Qg5 Rxf5 38. Qd2+ {Îïà! Ç¸âíóëè ñëîíà? Îòíþäü...} Kc6 39. Bxb4 $1 Be4 $1 40.
Qh6+ ({êîíå÷íî, íå} 40. fxe4 Rg8+ 41. Kh1 Rh5+ {, è ÷¸ðíûå ïîáåæäàþò}) 40...
Kb7 41. fxe4 Rg8+ 42. Kh1 Rf1+ 43. Kh2 Rf2+ 44. Kh3 Rf3+ 45. Kh2 ({íî íå} 45.
Kh4 $4 Rf1 $19) 45... Rf2+ 46. Kh1 Rf1+ 47. Kh2 $11) 35. cxd6 Rxd6 36. Bg7 {
Íà òó ëè ëàäüþ íàïàëè ñåé÷àñ áåëûå?} ({Ïîõîæå, ÷òî íåò. Ïîñëå} 36. Be5 $5 {
íàä ïîçèöèåé Øàõðèÿðà íà÷èíàëè ñãóùàòüñÿ òó÷è. Òî åñòü} Rd1+ ({ïëîõî} 36...
Re6 37. Qh7 $1 Rxe5 38. Qh6+ {è ò.ä.}) 37. Kf2 Rd2+ ({èëè} 37... Kb7 38. Qh7
Rc8 39. g5 {è ò.ä.}) 38. Kg3 Kb7 39. Qh6 $1 Rfd8 40. g5 {
- à îáîèõ ñëó÷àÿõ áåëûå ñîçäàëè ïðîõîäíóþ...}) 36... Rfd8 37. gxf5 Rd5 38.
Qh6+ {Èíà÷å ïåøêó íà f5 íå ñïàñòè.} Kb7 39. f6 Bb3 40. Qe3 {
Êîíòðîëü áåëûìè ïðîéäåí!} (40. f7 $2 Rd1+ 41. Kf2 Bxf7) 40... Rd1+ {
È ÷¸ðíûå (ñ øàõîì!) äåëàþò òî æå ñàìîå.} 41. Kf2 R8d3 42. Qc5 Rd5 43. Qe3 ({
Íè÷åãî íå îáíàðóæèâàåòñÿ è ïîñëå} 43. Qe7 R5d2+ 44. Kg3 ({èëè} 44. Ke3 Rd3+
45. Ke2 R1d2+ 46. Ke1 Rd1+ 47. Ke2 (47. Kf2 Bd5) 47... R1d2+ 48. Ke1 $11) 44...
Rg1+ {äàëüíåéøåå, êîíå÷íî, ðàññìàòðèâàåòñÿ èç «âðåäíîñòè».} 45. Kf4 $8 (45.
Kh3 $4 Bxa4 $19) (45. Kh4 $4 Rh2#) 45... Rd4+ 46. Ke3 ({íî íå} 46. Ke5 $4 Rh4
$1 47. f7 $140 Re1+ 48. Kf5 Rxe7 49. f8=Q Rf7+) 46... Rdd1 47. Qf8 ({èëè} 47.
Qe4+ Bd5 48. Qc2 Rgf1 $1 49. Qc5 Rxf3+ 50. Ke2 Rff1 $11 {
Ïðè÷åì, ëó÷øå òóò áåëûì «çàâå÷íîøàõîâàòü» ïðîòèâíèêà -} 51. Qb5+ Kc8 52.
Qe8+ {è ò.ä.}) 47... Rgf1 48. f7 Rfe1+ {Äâå ëàäüè ýòî âñ¸ æ òàêè ñèëà!} 49. Kf2
(49. Kf4 $4 Rd7 $19) 49... Rf1+ 50. Kg2 (50. Kg3 Rg1+ 51. Kf4 $2 Rd7) 50...
Rg1+ {è ò.ä.}) 43... R5d3 44. Qc5 Rd5 45. Qe3 1/2-1/2

[Event "Tal Memorial"]
[Site "Moscow"]
[Date "2007.11.11"]
[Round "2"]
[White "GM Gelfand, Boris(ISR)"]
[Black "GM Kramnik, Vladimir(RUS)"]
[Result "1/2-1/2"]
[WhiteElo "2736"]
[BlackElo "2785"]
[Annotator "Ëåáåäåâ Âàñèëèé"]
[PlyCount "61"]
[EventDate "2007.11.11"]

1. d4 d5 2. c4 c6 3. Nf3 Nf6 4. e3 Bf5 5. Nc3 e6 6. Nh4 Bg6 7. Be2 Nbd7 8. O-O
Bd6 9. g3 O-O 10. Nxg6 hxg6 {Èçâåñòíàÿ (æåëåçîáåòîííàÿ!) ïîçèöèÿ. Ïðè÷¸ì,
èíòåðåñíî, ÷òî âñòðå÷àëàñü îíà â òâîð÷åñòâå îáåèõ ñîïåðíèêîâ. È åù¸ áîëåå
èíòåðåñíî, ÷òî èãðàëè îíè å¸ îáåèìè öâåòàìè!.} 11. b3 {Ðåçóëüòàòû òóò ó áåëûõ
ïðîñòî-òàêè çàìå÷àòåëüíûå. Íî ýòî, íàâåðíîå, ïîòîìó ÷òî ÷¸ðíûìè ýòó
ïîçèöèþ íå èãðàë Âëàäèìèð Êðàìíèê.} ({
Ïîñëåäíèé ðàç ýòî áûëî íà âåñåííåì òóðíèðå â Ìîíòå-Êàðëî.} 11. Qc2 dxc4 (11...
Qe7 12. Bd2 dxc4 13. Bxc4 c5 14. Be2 Rac8 15. Bf3 cxd4 16. exd4 Nb6 17. Bg5 Qd7
18. Qb3 Be7 19. Nb5 Rc4 20. a3 a5 21. Nc3 Bd8 22. Bxf6 gxf6 23. d5 e5 24. Rac1
f5 25. d6 a4 26. Qb5 Qxd6 27. Bxb7 Bg5 28. Rcd1 Qc5 29. Ba6 e4 30. Nd5 Qxb5 31.
Bxb5 Rc5 32. Nxb6 Rxb5 33. Nxa4 Ra8 34. Rd4 e3 35. Re1 Bf6 36. Rc4 exf2+ 37.
Kxf2 Bxb2 38. Nxb2 Rxb2+ 39. Re2 Rxe2+ 40. Kxe2 Rxa3 {, è áåëûå âåëè ýòî
îêîí÷àíèå âíè÷üþ  - 1/2 Gelfand,B (2733) - Kramnik,V (2766)/Monte Carlo MNC
2007 (76).}) 12. Bxc4 c5 13. dxc5 Bxc5 14. Rd1 Rc8 15. Bf1 Bb4 16. Bd2 Ne5 17.
Bg2 Qb6 18. Qb3 Nc4 19. Be1 Ba5 20. Qxb6 axb6 21. Rab1 Nxb2 22. Rxb2 Bxc3 23.
Bxc3 Rxc3 24. Bxb7 Ra3 25. Rd6 Nd5 26. Bxd5 exd5 27. Rdxb6 Rfa8 28. Rb8+ Rxb8
29. Rxb8+ Kh7 30. Rb2 g5 31. Rd2 Kg6 32. Kf1 Kf6 33. Ke2 Ke5 34. Kd1 f5 35. Kc1
f4 36. Re2 fxg3 37. hxg3 d4 38. Kb2 Ra8 39. exd4+ Kxd4 40. a3 Rb8+ 41. Kc1 Ra8
42. Ra2 Kc3 43. Kd1 Rf8 44. Ke2 Kb3 45. Rd2 Kxa3 46. Rd5 Kb4 47. Rxg5 Rf7 48.
f4 Kc4 49. Ke3 Re7+ 50. Re5 Rd7 51. Ke4 {
(1-0 Kramnik,V (2766) - Gelfand,B (2733)/Monte Carlo MNC 2007).}) 11... Qe7 12.
Bf3 Rac8 $146 {Íîâàÿ òðàêòîâêà.} ({
Ðàíåå ÷¸ðíûì òóò ïðèõîäèëîñü âåñüìà íåñëàäêî -} 12... a6 13. Bd2 b5 14. Re1
Rfc8 15. e4 dxe4 16. Nxe4 Nxe4 17. Rxe4 bxc4 18. bxc4 c5 19. h4 Nf6 20. Bg5 Qc7
21. h5 Nxe4 22. Bxe4 gxh5 23. Qxh5 f5 24. Bxa8 Rxa8 25. d5 Qf7 26. Qf3 exd5 27.
Rd1 Qe6 28. Qxd5 Qxd5 29. Rxd5 Bf8 30. Rxf5 Rb8 31. Rf3 Rb4 32. Rc3 Bd6 33. Kg2
Be5 34. Rc2 Bd4 35. Kf3 Kf7 36. Ke4 Ke6 37. f4 g6 38. g4 Rb1 39. f5+ gxf5+ 40.
gxf5+ Kf7 41. Re2 Rf1 42. Be3 Rd1 43. Bd2 Ra1 44. Ba5 Rf1 45. Rh2 Ra1 46. Rg2
Rc1 47. Kd5 Rf1 48. Kc6 Rc1 49. Kd5 Rf1 50. Bb6 Rxf5+ 51. Kc6 Rf6+ 52. Kb7 Ke7
53. a4 Rf1 54. Kxa6 Rc1 55. Kb5 Kd7 56. a5 Rb1+ 57. Ka6 Bc3 58. Bxc5 Kc6 59.
Bb6 Rf1 60. Rg5 {(1-0 Wang Yue (2696) - Cheparinov,I (2657)/Taiyuan CHN 2007).}
) (12... Rad8 13. Qc2 Rfe8 14. Bg2 a6 (14... Ba3 15. Bd2 dxc4 16. bxc4 e5 17.
c5 Bb4 18. Qa4 Bxc3 19. Bxc3 a6 20. Ba5 Rc8 $2 21. Rab1 exd4 22. exd4 Nf8 23.
Rb4 Ne6 24. Rfb1 Qd7 25. Rxb7 Qxd4 26. Bxc6 {, è áåëûå âûèãðàëè - 1-0
Movsziszian,K (2512) - Santos Izquierdo,F (2267)/Santa Cruz de Tenerife 2004
(41)}) 15. a3 g5 16. Bb2 g4 17. Rfe1 Bb8 18. Rad1 Nh7 19. e4 dxc4 20. bxc4 c5
21. dxc5 Ng5 22. Na4 Ne5 23. Bxe5 Bxe5 24. Qe2 Rxd1 25. Rxd1 f5 26. exf5 exf5
27. c6 bxc6 28. Bxc6 Bf6 29. Qxe7 Rxe7 30. c5 Re2 31. Bg2 Rc2 32. Nb6 Kh7 33.
Nd5 Bd4 34. Ne3 Bxe3 35. fxe3 Rxc5 36. Rd5 Rc1+ 37. Kf2 Rc2+ 38. Kf1 g6 39. Ra5
Rc1+ 40. Kf2 Rc2+ 41. Kf1 Nh3 42. Bb7 Rxh2 43. Rxa6 Rf2+ 44. Ke1 Ra2 45. Bd5
Ra1+ 46. Kd2 Ng5 47. a4 Nf3+ 48. Ke2 Ne5 49. a5 Kh6 50. Ra8 Kg5 51. a6 Nd7 52.
Bb7 Nc5 53. Bc8 Ra2+ 54. Kd1 Nd3 55. Bb7 Rb2 56. Rd8 Nf2+ 57. Kc1 Ra2 58. Kb1
Ra5 59. Kb2 Ne4 60. Bxe4 fxe4 61. Rd6 Kf5 62. Kb3 Ke5 63. Rxg6 Kf5 64. Rh6 Kg5
65. Rc6 Ra1 66. Kb4 Kf5 67. Rc5+ Ke6 68. Ra5 Rb1+ 69. Kc5 Rb8 70. a7 {
(1-0 Tkachiev,V (2661) - Fridman,D (2621)/Ajaccio FRA 2007).}) 13. Bg2 Rfd8 14.
Bd2 Bb4 {È òåïåðü ñìîòðèì êàê ñóïåðøàõìàòèñòû «ðàñêî÷åãàðèâàþò» ýòó, êàê
óæå ãîâîðèëîñü, æåëåçîáåòîííóþ ïîçèöèþ.} 15. a3 $1 Bxa3 ({
Ñòðàòåãè÷åñêè íåâåðíî (ÈÌÕÎ) áûëî áû} 15... Bxc3 16. Bxc3 Ne4 {, èáî ïîñëå}
17. Bb2 {âñêðûòèÿ ïîçèöèè, ïî-ìîåìó íå èçáåæàòü, ïîñëå ÷åãî äâà ñëîíà äîëæíû
ðàçãóëÿòüñÿ.}) 16. c5 Bb2 17. Rxa7 Nxc5 $1 18. Nb1 $1 {
Ïîøëà êîíêðåòíàÿ ñ÷¸òíàÿ èãðà.} ({Ñëàáåå áûëî áû} 18. dxc5 Qxc5 19. Rxb7 Bxc3
20. Qc1 d4 $1 21. exd4 Bxd4 22. Qxc5 Bxc5 {
, è ÷¸ðíûå ñîõðàíÿþò êàêóþ-íèêàêóþ, à ëèøíþþ ïåøêó:} 23. Bg5 Bd4 24. b4 (
24. Rc1 Ra8 $1) 24... Rb8 $1 25. Bxc6 $140 Rxb7 26. Bxb7 Rb8 27. Bf3 Rxb4 {
, ïîñëå ÷åãî ñîïåðíèêà ìîæíî «ìó÷èòü» äî ñëåäóþùåãî óòðà.}) 18... Na6 {
Ëàäüÿ â îïàñíîñòè!} 19. Qc2 ({Ïåðâûé âîïðîñ. À íå ñèëüíåå ëè áûëî} 19. Ba5 $5 {
ñ èäåé îáìåíÿòü çàãóëÿâøóþ ëàäüþ íà äâå ôèãóðû òàêèì âîò ñïîñîáîì -} Re8 20.
Qd2 Ba3 21. Rxa6 $5 (21. Nxa3 Qxa3 22. Rxb7 c5) 21... bxa6 22. b4 Bxb4 23. Bxb4
Qc7 24. Qa2 $14) 19... Ba3 ({È îïÿòü âåëî ê ïåðåâåñó áåëûõ ïðîäîëæåíèå} 19...
Bxd4 $5 {, àíàëîãè÷íîå ðàññìîòðåííîìó ðàíåå.} 20. exd4 Qc7 21. Rxa6 (21. Nc3
Qb6 22. Rxa6 Qxa6 23. Na4 b6) 21... bxa6 22. b4 e5 23. dxe5 Qxe5 24. Bh3 $36
Rc7 $2 25. Bf4) 20. Nxa3 Qxa3 21. b4 $1 {
Êîíå÷íî, ôåðçü - öåëü áîëåå êðóïíàÿ è ìàíÿùàÿ,} ({
íåæåëè êàêàÿ-òî òàì ïåøå÷êà -} 21. Rxb7 Rb8 22. Qxc6 Rxb7 23. Qxb7 Rb8 24. Qc6
Rxb3 {ñ ïðèìåðíûì ðàâåíñòâîì.}) 21... b5 $6 {
À âû çíàåòå, ïî âñåé âèäèìîñòè, - ýòî îøèáêà!} ({Ïåøêà íà b7 íàäî áûëî áðîñèòü
íà ïðîèçâîë å¸ íåë¸ãêîé ñóäüáû, òî åñòü, ïîïðîñòó ãîâîðÿ, íå òåðÿòü âðåìÿ íà å¸
çàùèòó, à íåìåäëåííî âûçâàòü êðèçèñ â öåíòðå -} 21... Ne4 22. Bxe4 dxe4 23. Rb1
(23. Rxb7 Nc7 $1) 23... e5 $1 {è ò.ä.}) 22. Rb1 Ne4 ({Íå ïîìîãàåò} 22... Ra8 {
èç-çà} 23. Rxa8 Rxa8 24. Qxc6 Nb8 25. Qxb5 Qa2 26. Rd1 Qc2 27. Bf3 {
, è áåëûå îñòàþòñÿ ñî çäîðîâîé ëèøíåé ïåøêîé.}) 23. Bxe4 dxe4 24. h4 $6 ({
åù¸ îäèí ïðèìåð äëÿ êàðòîòåêè Ìàðêà Äâîðåöêîãî, â ðàçäåë «Ïðîôèëàêòèêà».
Ïðàâèëüíî} 24. Kg2 $3 {Èäåÿ õîäà çàêëþ÷àåòñÿ â òîì, ÷òî òåïåðü íå ïðîõîäèò
ñïîñîá, ñ ïîìîùüþ êîòîðîãî ÷¸ðíûå ñìîãëè â ïàðòèè «ñîñêî÷èòü» -} e5 {
(è ðàçâå ÷òî-òî èíîå çäåñü ëó÷øå?)} 25. Bc1 Nxb4 26. Qc5 $1 ({êîíå÷íî, íå} 
26. Rxa3 $4 Nxc2 27. Rc3 Ne1+) 26... Qd3 27. Qe7 $1 {Â ýòîì âñ¸ äåëî.} ({
è ìîæíî äàæå íå ðàññìàòðèâàòü} 27. Qxb4 exd4 {è ò.ä.}) 27... Rf8 (27... Qxb1 $4
28. Qxf7+ Kh8 29. Qxg7#) 28. Qxb4 exd4 29. Ra3 Qc2 30. exd4 $18) 24... e5 $1 ({
Åùå íå âðåìÿ äëÿ} 24... Nxb4 $2 25. Qc5 Qd3 26. Qxb4 c5 27. Qb2 $16 cxd4 $140
28. Ra3 $1 ({íî íå} 28. exd4 $4 Rc2 $19) 28... Qc2 29. exd4 {è ò.ä.}) 25. Bc1
Nxb4 $1 26. Qc5 Qd3 $1 27. Rxb4 ({
Êàê ëåãêî óáåäèòüñÿ, òåïåðü áîëåå ÷åì íå ïðîõîäèò -} 27. Qe7 $2 Qd1+ 28. Kh2
Qf3 $1 29. Rxb4 ({åù¸ õóæå} 29. Qxb4 Qxf2+ 30. Kh3 exd4 {è ò.ä.}) 29... Qxf2+
30. Kh3 Qf1+ 31. Kh2 Ra8 $1 {È êòî êîãî òóò àòàêóåò?}) ({À íà} 27. Qxb4 {
ñëåäóåò} Qd1+ {Øàõ! Âåäü êîðîëü áåëûõ îñòàëñÿ íà 1-é ãîðèçîíòàëè...} 28. Kh2 g5
$1 {ñ äîñòàòî÷íîé, íà ìîé âçãëÿä, äëÿ ïîääåðæàíèÿ ïðèìåðíîãî ðàâíîâåñèÿ
èíèöèàòèâîé.}) 27... Rd5 {
À ýòîò õîä êàæåòñÿ ìíå ñëèøêîì íàïðàøèâàþùèìñÿ, ÷òîáû áûòü ëó÷øèì...} ({
Íàâåðíîå, ñòîèëî èñïðîáîâàòü} 27... Qd1+ $1 28. Kh2 ({
ÿñíîå äåëî, ÷òî â ëþáîé ìîìåíò áåëûå ìîãóò «çàòðåáîâàòü» íè÷üþ -} 28. Kg2
Qf3+ 29. Kf1 Qd1+ 30. Kg2 {è ò.ä.}) 28... g5 $1 29. Qe7 ({
îïÿòü ìîæíî «çàñëàòü ðàñïèë åäèíè÷êè»} 29. hxg5 Qh5+ 30. Kg2 Qf3+ 31. Kf1
Qd1+ 32. Kg2 {ñ ïîâòîðîì õîäîâ}) ({à âîò èãðà «íà ïîáåäó»} 29. Qxe5 {
íå ïðîõîäèò} Qf3 $1 30. Rb2 $140 Rd5 31. Qe7 gxh4 32. gxh4 Rh5 33. Rc2 Qg4 {
è ò.ä.}) 29... Qf3 30. Ra2 gxh4 31. gxh4 ({íî íå} 31. Qxh4 $4 Rd6 $19 {
, èáî Rh6 íåîòâðàòèìî}) 31... c5 $1 32. Rxb5 cxd4 33. Rb1 (33. exd4 $4 Rxc1 $19
) 33... Rd5 $1 {È äóìàåòñÿ, ÷òî â ýòîò ìîìåíò áåëûå çàñòûëè áû â ë¸ãêîì
íåäîóìåíèè. Êàê æå èãðàòü äàëüøå?} ({
íàéä¸ì, äëÿ ïîëíîãî êîìïëåêòà, è íè÷üþ çà ÷¸ðíûõ -} 33... d3 $5 34. Qg5 $140
Rc2 $3 35. Rxc2 dxc2 36. Qxd8+ Kh7 37. Rb8 Qxf2+ {è ò.ä.}) {
Ïîõîæå, ÷òî ëó÷øåå çäåñü - ýòî} 34. Ba3 $5 dxe3 35. fxe3 Qxe3 36. Qg5 Qf4+
37. Qxf4 exf4 {È áîëüøîé âîïðîñ êòî è çà ÷òî â ýòîì ïîëîæåíèè áîðåòñÿ!}) 28.
Qe7 Rf8 $1 29. Ba3 c5 30. Rb2 b4 {
Ñëîí ïîéìàí, ñëîâíî â íàçèäàíèå:«À òû íà ÷óæèõ ôåðçåé íå çàðèñü!»} 31. Bxb4
{È ïîñëåäîâàëî ñîãëàøåíèå íà íè÷üþ.} ({
âñ¸ æå, êàê ìíå êàæåòñÿ, ñòîèëî åù¸ ïîäâèãàòü ôèãóðêè -} 31. Bxb4 cxb4 32. dxe5
$5 ({èëè} 32. Rxb4 Qd1+ 33. Kh2 Rdd8 (33... Qf3 $4 34. Qxf8+ $1) 34. Qxe5 Qd2
35. Rb3 Qxf2+ {è ò.ä.}) 32... Qd1+ 33. Kh2 (33. Kg2 $4 Qf3+ 34. Kh3 Rd1 $19)
33... Qf1 ({êðàñèâîå è çàìàí÷èâîå} 33... g5 $5 {
ìîæåò ïðèâåñòè ê ïðîáëåìàì ïîñëå} 34. e6 $1) ({
à âîò áèòü ýòó ïåøêó è èãðàòü íà ïîáåäó íåëüçÿ -} 33... g5 34. Qxg5 (34. hxg5
$4 Qh5+ 35. Kg2 Qf3+ 36. Kh2 Rd1 {ñ ìàòîì}) 34... Qc1 $1 35. Rxb4 Rd1 36. Rxe4
({íî íå} 36. Kh3 $4 Rh1+ 37. Kg4 Qd1+ 38. Kf5 g6+ 39. Kxe4 ({èëè} 39. Kf6 Qd8+
40. Re7 Rc1 $19) 39... Qc2+ 40. Kf3 Rf1 $19) 36... Rh1+ 37. Kg2 {
È òåïåðü õîòÿ áû} Qd1 38. Rf4 Rg1+ 39. Kh3 Rh1+ 40. Kg2 Rg1+ 41. Kh3 $11) 34.
Qxb4 (34. Rd7 Qa1 $1) 34... Rxe5 35. Rd2 Rd5 $3 36. Rc2 (36. Rxd5 Qxf2+ 37. Kh3
Qf1+ 38. Kg4 Qf3+ 39. Kh3 $11) 36... Re8 (36... Rd1 $2 37. Qxe4) ({
íî òîëüêî (ïîñëå} 36... Rd1 {) íå} 37. Qxf8+ $4 {ââèäó} Kh7 $1 $19) 37. Qc4 {
(âåäü ÷¸ðíûå «ïðèãðàæèâàëè» Rf5...)} Qxc4 38. Rxc4 g5 {è ò.ä.}) 1/2-1/2

[Event "Tal Memorial"]
[Site "Moscow"]
[Date "2007.11.11"]
[Round "2"]
[White "GM Carlsen, Magnus(NOR)"]
[Black "GM Alekseev, Evgeny(RUS)"]
[Result "1/2-1/2"]
[WhiteElo "2714"]
[BlackElo "2716"]
[Annotator "Ëåáåäåâ Âàñèëèé"]
[PlyCount "90"]
[EventDate "2007.11.11"]

1. d4 d5 2. c4 e6 3. Nc3 Be7 4. Nf3 Nf6 5. Bf4 O-O 6. e3 Nbd7 7. cxd5 Nxd5 8.
Nxd5 exd5 9. Be2 Bb4+ 10. Nd2 Nf6 11. O-O Bd6 12. Bg5 h6 13. Bh4 c6 14. Qc2 Re8
15. Rab1 g6 16. Bxf6 Qxf6 17. b4 a6 18. a4 h5 19. b5 Bf5 20. Bd3 Bxd3 21. Qxd3
cxb5 22. axb5 a5 23. Qb3 Qf5 24. Qa4 Rec8 25. b6 Qc2 26. Nb3 Qc6 27. Qa1 Bb4
28. Nc5 Qxb6 29. Nd3 Qd6 30. Qa2 Ra6 31. g3 Rc3 32. Rb3 Rxb3 33. Qxb3 Rc6 34.
Qa4 Kg7 35. Rb1 {Ïîñëå óíè÷òîæåíèÿ ÷¸ðíûìè ïåøåê, ïîøåäøèõ â ÿâíîì
ìåíüøèíñòâå â àòàêó, ïîëó÷èëàñü ñëåäóþùàÿ ïîçèöèÿ.} Rc4 {Áåëûå ÿâíî «ñòîÿò
íà ïðîèãðûø». Îäíàêî òàêîãî ðåçóëüòàòà ìû òàê è íå äîæäàëèñü. Åâãåíèé
Àëåêñååâ íå ñìîã íàéòè ïëàíà ïåðåñòðîéêè ñâîèõ ôèãóð. À ñóùåñòâîâàë ëè îí,
ýòîò ïëàí? Åñòü ïðåäïîëîæåíèå, ÷òî äà.} 36. Ne5 {×¸ðíûì çäåñü, ÿñíîå äåëî,
âûãîäåí ðàçìåí ôåðçåé. Âåäü ïîñëå ýòîãî ïåøêè ôåðçåâîãî ôëàíãà íå îñòàíîâèòü.}
Rc7 ({Ïîýòîìó â äàííûé ìîìåíò (è èìåííî ñåé÷àñ!) ïðåäëàãàåòñÿ} 36... Rc3 $1 {
, íå ïóñêàþùåå áåëîãî êîíÿ îáðàòíî.} 37. Qb5 (37. Qe8 Qe6 38. Qb5 Rc7 39. Qa4
({åñëè} 39. Nd3 {, òî} Qc6 {è öåëü äîñòèãíóòà}) 39... Qf5 40. Rd1 Qc2 {
, è îïÿòü ñèëüíåéøàÿ ôèãóðà ïðîòèâíèêà  îò ðàçìåíà óéòè íå ìîæåò}) ({èëè} 37.
Kg2 f6 38. Nf3 Qc6) 37... Rc7 38. Nd3 ({èëè} 38. h4 f6 39. Nd3 Qc6 40. Qxc6
bxc6 41. Nxb4 $140 Rb7 $1 42. Rc1 axb4 43. Rxc6 b3 $19 {À èìåííî -} 44. Rc1 b2
45. Rb1 g5 $1 46. Kf1 Kg6 47. Ke2 Kf5 {è ò.ä.}) 38... Qc6 {è ò.ä.}) 37. Nd3 Qc6
38. Qa2 Qb5 ({Êîíå÷íî, íåëüçÿ} 38... Qc2 $2 39. Nxb4 $1 axb4 40. Qxc2 Rxc2 41.
Rxb4 Rc7 42. Rb6 $14) 39. Qb3 Rc6 (39... Rc3 $4 40. Qxc3 $18) 40. Kg2 Qc4 41.
Qd1 Qb5 (41... Qc2 $2 42. Qxc2 Rxc2 43. Nxb4 axb4 44. Rxb4 Rc7 45. Rb6) 42. Qb3
Rc4 (42... Rc3 $4 43. Qxc3 $18) 43. Ne5 Rc7 44. Nd3 Rc4 {Íå ïðîâðàòüñÿ...} (
44... f6 45. Nxb4) 45. Ne5 Rc7 1/2-1/2